000 002590000a22000970004500
100 1 _aFoulkes B., Ricardo
245 1 0 _a¿Qué significa perder la patria?
300 _aVol. 11, Num. 1 (Junio, 1991), Páginas 26-30
773 0 _tVida y pensamiento
942 _cANA
999 _c53007
_d53007